Разрывные нарушения Припятского грабена и их роль в распространении полезных ископаемых

গ্রন্থ-পঞ্জীর বিবরন
প্রধান লেখক: Горелик З. А.
সংস্থা লেখক: Белорусский научно-исследовательский геологоразведочный институт
অন্যান্য লেখক: Синичка А. М.
ভাষা:রুশ
প্রকাশিত: Минск, Наука и техника, 1986
বিষয়গুলি:
বিন্যাস: MixedMaterials গ্রন্থ
KOHA link:https://koha.lib.tpu.ru/cgi-bin/koha/opac-detail.pl?biblionumber=268354

MARC

LEADER 00000nam0a2200000 4500
001 268354
005 20231101234147.0
035 |a (RuTPU)RU\TPU\book\291505 
090 |a 268354 
100 |a 20140902d1986 k y0rusy50 ca 
101 0 |a rus 
102 |a BY 
105 |a a z 001zy 
200 1 |a Разрывные нарушения Припятского грабена и их роль в распространении полезных ископаемых  |f З. А. Горелик, А. М. Синичка  |g Белорусский научно-исследовательский геологоразведочный институт 
210 |a Минск  |c Наука и техника  |d 1986 
215 |a 179 с.  |c ил. 
320 |a Библиогр.: с. 167-176. 
606 1 |a Грабены  |2 stltpush  |3 (RuTPU)RU\TPU\subj\8405  |9 35820 
610 1 |a разрывные нарушения 
610 1 |a Припятский прогиб 
610 1 |a полезные ископаемые 
610 1 |a распространение 
610 1 |a тектонические структуры 
610 1 |a изученность 
610 1 |a залежи нефти 
675 |a 551.243.12  |v 3 
700 1 |a Горелик  |b З. А. 
701 1 |a Синичка  |b А. М. 
712 0 2 |a Белорусский научно-исследовательский геологоразведочный институт  |2 stltpush  |3 (RuTPU)RU\TPU\col\7965  |9 24442 
801 1 |a RU  |b 63413507  |c 20140902 
801 2 |a RU  |b 63413507  |c 20151124  |g RCR 
942 |c BK